000 00356nam a2200133Ia 4500
008 260210s9999 xx 000 0 und d
024 _a11B-015-BS
082 _a005.12072 HAM
100 _aHamdan Habib
245 0 _aOnline Pharmacy Services
260 _aKarachi:
_bUITU,
_c2011
600 _aComputer Science
650 _aBachelor of Computer Science (BS)
999 _c32379
_d32379